| 000 | 00472nam a2200193Ia 4500 | ||
|---|---|---|---|
| 005 | 20250326145342.0 | ||
| 008 | 250326s9999 xx 000 0 und d | ||
| 037 | _aTextbook | ||
| 040 |
_aFMSL _beng _cFMSL |
||
| 041 |
_aeng _2eng |
||
| 084 |
_aX:8D Q3;9 _qFMSL |
||
| 100 | _aBhalla V K | ||
| 245 | 0 |
_aFicial management _cBhalla V K |
|
| 260 | _c2013 | ||
| 365 | _b4675 | ||
| 650 | _aManagement | ||
| 942 |
_cTB _hX:8D Q3;9 |
||
| 999 |
_c1307281 _d1307281 |
||